[Event "Bad Woerishofen"]
[Site "?"]
[Date "2002.??.??"]
[Round "7"]
[White "Baeuml, Ulrich"]
[Black "Schaefer, Michael"]
[Result "1-0"]
[WhiteElo "2098"]
[BlackElo "2247"]
[Annotator "ChessOrg"]
[PlyCount "81"]
[EventDate "2002.??.??"]

1. e4 c5 2. c3 Nf6 3. e5 Nd5 4. d4 cxd4 5. Nf3 e6 6. cxd4 d6 7. a3 Bd7 8. Bd3
Bc6 9. O-O Nd7 10. Nbd2 Qc7 11. Re1 Be7 12. Nf1 O-O 13. b4 a6 14. Ng3 Rfd8 15.
Ng5 Nf8 16. Qh5 Bxg5 17. Bxg5 Rd7 18. Ne4 dxe5 19. dxe5 f6 20. exf6 Nf4 21.
Bxf4 Qxf4 22. g3 Qc7 23. fxg7 Rxg7 24. Nc5 Bd5 25. Be4 Qf7 26. Qxf7+ Rxf7 27.
Bxd5 exd5 28. Re5 a5 29. b5 Rd8 30. Rd1 b6 31. Na4 Rf3 32. Nxb6 Rxa3 33. Nxd5
Kg7 34. h4 Ng6 35. Re3 Ra2 36. h5 Nf8 37. g4 Rd7 38. Rb3 Ne6 39. b6 Nc5 40. Rb5
Nb7 41. Rc1 1-0

[Event "Bad Woerishofen"]
[Site "?"]
[Date "2002.??.??"]
[Round "7"]
[White "Jaenig, Reinhard"]
[Black "Olzem, Lothar"]
[Result "1-0"]
[WhiteElo "2119"]
[BlackElo "2185"]
[Annotator "ChessOrg"]
[PlyCount "81"]
[EventDate "2002.??.??"]

1. e4 c5 2. Nf3 Nc6 3. d4 cxd4 4. Nxd4 Nf6 5. Nc3 e5 6. Ndb5 d6 7. Bg5 a6 8.
Bxf6 gxf6 9. Na3 f5 10. exf5 Bxf5 11. g3 d5 12. Qxd5 Bxa3 13. bxa3 Qe7 14. Bg2
Qxa3 15. Qb3 Nd4 16. Qxa3 Nxc2+ 17. Ke2 Nxa3 18. Bxb7 Ra7 19. Bc6+ Ke7 20. Nd5+
Kd6 21. Ne3 Be6 22. Rac1 Rb8 23. Rhd1+ Ke7 24. Nd5+ Kf8 25. Ke3 Rb2 26. Rd2
Rxd2 27. Kxd2 Nb5 28. Ke3 f5 29. a4 Nd4 30. Nf4 Bb3 31. Nd3 Nxc6 32. Rxc6 f4+
33. Ke4 fxg3 34. hxg3 Bxa4 35. Rc8+ Kg7 36. Nxe5 Bb5 37. f4 Kf6 38. g4 Be2 39.
g5+ Ke7 40. f5 Rb7 41. f6+ 1-0

[Event "Bad Woerishofen"]
[Site "?"]
[Date "2002.??.??"]
[Round "7"]
[White "Engl, Heinz"]
[Black "Oberhofer, Max"]
[Result "1-0"]
[WhiteElo "2127"]
[BlackElo "2223"]
[Annotator "ChessOrg"]
[PlyCount "97"]
[EventDate "2002.??.??"]

1. e4 Nf6 2. Nc3 d5 3. exd5 Nxd5 4. d4 e6 5. Nf3 Be7 6. Bd3 Nxc3 7. bxc3 Nd7 8.
O-O O-O 9. Qe2 c5 10. Re1 Bf6 11. Bf4 g6 12. h4 Re8 13. h5 Nf8 14. hxg6 hxg6
15. Be5 Bd7 16. Be4 Bxe5 17. Nxe5 Qc7 18. Qf3 Re7 19. Qf6 Be8 20. Ng4 Qd8 21.
Rad1 Rd7 22. Qxd8 Rdxd8 23. Bxb7 Rab8 24. dxc5 f5 25. Rxd8 Rxd8 26. Nf6+ Kf7
27. Nxe8 Rxe8 28. c6 Re7 29. Re5 Rc7 30. Ra5 Ke7 31. Rxa7 g5 32. Ra8 Ng6 33.
Rc8 Rxc8 34. Bxc8 Kd6 35. Bd7 Nf4 36. Kf1 Nd5 37. c4 Nb4 38. c5+ Ke7 39. a4
Nxc2 40. a5 Nb4 41. Ke2 Na6 42. Kd3 Nxc5+ 43. Kc4 Kd6 44. c7 Kxd7 45. Kxc5 Kxc7
46. a6 e5 47. Kd5 e4 48. Ke5 g4 49. g3 1-0

[Event "Bad Woerishofen"]
[Site "?"]
[Date "2002.??.??"]
[Round "7"]
[White "Koller, Hubert"]
[Black "Schoenberger, Peter"]
[Result "1-0"]
[WhiteElo "2112"]
[BlackElo "2152"]
[Annotator "ChessOrg"]
[PlyCount "103"]
[EventDate "2002.??.??"]

1. Nf3 Nf6 2. d4 g6 3. Bf4 Bg7 4. Nbd2 O-O 5. h3 d6 6. e4 Nbd7 7. c3 b6 8. Be2
Bb7 9. Qc2 Nh5 10. Bh2 e5 11. O-O Qe7 12. Rfe1 Rae8 13. Bf1 Kh8 14. g3 Qd8 15.
d5 f5 16. c4 Bc8 17. Bg2 Nc5 18. b4 Nxe4 19. Nxe4 fxe4 20. Nd2 Bf5 21. Nxe4 Nf6
22. g4 Bxe4 23. Bxe4 Nxe4 24. Rxe4 Qf6 25. Rae1 Re7 26. Qe2 Ref7 27. Bg3 Qf3
28. Re3 Qxe2 29. R1xe2 Bh6 30. Ra3 Ra8 31. Ra6 Rf3 32. Rc2 Rd3 33. Kg2 Bd2 34.
a3 Bf4 35. Bxf4 exf4 36. f3 Kg7 37. h4 h6 38. g5 hxg5 39. hxg5 Kf7 40. Re2 b5
41. Rc6 Rc8 42. Re4 bxc4 43. Rxf4+ Ke7 44. Rf6 Rxd5 45. Rxg6 a5 46. Rxc4 c5 47.
b5 Rd2+ 48. Kg3 d5 49. Rh4 Rf8 50. Rc6 c4 51. Rh7+ Kd8 52. Ra6 1-0

[Event "Bad Woerishofen"]
[Site "?"]
[Date "2002.??.??"]
[Round "7"]
[White "Braun, Peter"]
[Black "Guenther, Thomas"]
[Result "1/2-1/2"]
[WhiteElo "2266"]
[BlackElo "2101"]
[Annotator "ChessOrg"]
[PlyCount "85"]
[EventDate "2002.??.??"]

1. Nf3 Nf6 2. d4 e6 3. c4 d5 4. Nc3 Be7 5. cxd5 exd5 6. Qc2 c6 7. Bg5 Nbd7 8.
e3 Nf8 9. Bd3 Ne6 10. Bh4 g6 11. O-O Ng7 12. Rab1 Bf5 13. Ne5 Bxd3 14. Nxd3 Nf5
15. Bxf6 Bxf6 16. b4 a6 17. a4 O-O 18. b5 axb5 19. axb5 Qa5 20. Rfc1 Nd6 21.
Nc5 Rfc8 22. bxc6 bxc6 23. g3 Nc4 24. Qd3 Be7 25. N3a4 Rcb8 26. Kg2 Kg7 27. h4
Qc7 28. Rxb8 Qxb8 29. Rb1 Qc8 30. Qe2 Bxc5 31. Nxc5 Ra3 32. Rb7 Nd6 33. Rd7 Nf5
34. Qf3 Qe8 35. Qf4 Ra5 36. Qc7 Ra2 37. Kf3 Rxf2+ 38. Kxf2 Qxe3+ 39. Kg2 Qe2+
40. Kg1 Qe1+ 41. Kg2 Qe2+ 42. Kg1 Qe1+ 43. Kh2 1/2-1/2

[Event "Bad Woerishofen"]
[Site "?"]
[Date "2002.??.??"]
[Round "7"]
[White "Semmler, Guenter"]
[Black "Einwiller, Dieter"]
[Result "1/2-1/2"]
[WhiteElo "2090"]
[BlackElo "2154"]
[Annotator "ChessOrg"]
[PlyCount "135"]
[EventDate "2002.??.??"]

1. Nf3 Nf6 2. d4 e6 3. g3 b5 4. Bg2 Bb7 5. O-O c5 6. a4 a6 7. Bg5 h6 8. Bxf6
Qxf6 9. c3 Be7 10. Nbd2 O-O 11. Re1 cxd4 12. cxd4 Bb4 13. e4 Nc6 14. e5 Qe7 15.
Re2 f5 16. Nb3 f4 17. g4 Na5 18. axb5 axb5 19. Rc1 Bd5 20. Nc5 Bc4 21. Re4 Bd5
22. Re2 Nc6 23. Ne4 Bc4 24. Rxc4 bxc4 25. d5 exd5 26. Qxd5+ Qe6 27. Qxe6+ dxe6
28. h4 Ra1+ 29. Kh2 Ra5 30. g5 Nxe5 31. Nxe5 Rxe5 32. f3 hxg5 33. hxg5 Kf7 34.
Bf1 Rh8+ 35. Kg2 Rc8 36. Rc2 c3 37. bxc3 Kg6 38. Bd3 Rd8 39. Nc5+ Rxd3 40. Nxd3
Rxg5+ 41. Kf2 Ba5 42. Nxf4+ Kf5 43. Ne2 Bb6+ 44. Kf1 e5 45. Rb2 Be3 46. Rb8 Rg6
47. Rf8+ Ke6 48. Re8+ Kd5 49. c4+ Kd6 50. Ra8 Kc6 51. Ra5 Rg5 52. Rd5 Rh5 53.
Kg2 Bc5 54. f4 Bd6 55. Nd4+ exd4 56. Rxh5 Bxf4 57. Rd5 Be3 58. Kf3 g5 59. Kg4
Kb6 60. Kf5 Kc6 61. Ke4 g4 62. Rd8 g3 63. Rg8 Bf2 64. Rg5 Kd6 65. Kd3 Kc6 66.
Ke4 Kd6 67. Kd3 Kc6 68. Ke4 1/2-1/2

[Event "Bad Woerishofen"]
[Site "?"]
[Date "2002.??.??"]
[Round "7"]
[White "Straub, Peter"]
[Black "Kroencke, Manfred"]
[Result "0-1"]
[WhiteElo "2120"]
[BlackElo "2197"]
[Annotator "ChessOrg"]
[PlyCount "94"]
[EventDate "2002.??.??"]

1. e4 c5 2. Nf3 e6 3. c4 Qc7 4. d4 cxd4 5. Nxd4 a6 6. Nc3 Nf6 7. Be2 b6 8. a3
Bb7 9. f3 Nc6 10. Be3 Be7 11. Qd2 O-O 12. O-O Nxd4 13. Bxd4 Bd6 14. Kh1 Rab8
15. Qe3 Bc5 16. e5 Bxd4 17. Qxd4 Ne8 18. Rad1 f5 19. Rfe1 Bc6 20. b4 b5 21. Rc1
Qb7 22. a4 Nc7 23. cxb5 axb5 24. a5 g5 25. Bf1 Rf7 26. f4 gxf4 27. Qxf4 Rg7 28.
Rc2 Rg4 29. Qh6 Rf8 30. Re3 Rf7 31. Rg3 Rfg7 32. Ne2 Nd5 33. Nd4 Rxg3 34. hxg3
Nxb4 35. Rb2 Nd5 36. Nxc6 Qxc6 37. Rxb5 Qc7 38. a6 Rg6 39. Qd2 f4 40. Qd4 Qc1
41. Kg1 fxg3 42. Qc5 Qh6 43. Rb8+ Kf7 44. Bd3 Rg4 45. Kf1 Rf4+ 46. Ke1 Rf2 47.
Be2 Nf4 0-1

[Event "Bad Woerishofen"]
[Site "?"]
[Date "2002.??.??"]
[Round "7"]
[White "Phildius, Bernhard"]
[Black "Seifert, Dierk"]
[Result "1-0"]
[WhiteElo "2330"]
[BlackElo "2133"]
[Annotator "ChessOrg"]
[PlyCount "137"]
[EventDate "2002.??.??"]

1. h3 e6 2. d3 d5 3. g4 c5 4. Bg2 Nc6 5. c4 Nge7 6. Nc3 dxc4 7. dxc4 Qxd1+ 8.
Kxd1 Ng6 9. Bxc6+ bxc6 10. Nf3 h5 11. Rg1 hxg4 12. hxg4 e5 13. b3 f6 14. e3 Rh3
15. Nd2 Rh4 16. f3 Rh2 17. Rb1 Nh4 18. Rf1 f5 19. gxf5 Bxf5 20. e4 Bh3 21. Re1
Rd8 22. Re2 Nxf3 23. Rxh2 Nxh2 24. Kc2 g6 25. Na4 Bh6 26. Nxc5 Be3 27. b4 Bxc5
28. bxc5 g5 29. Rb3 g4 30. Bb2 Nf1 31. Nxf1 Bxf1 32. Bxe5 Bxc4 33. Rg3 Be2 34.
Bd6 Kf7 35. Ra3 Rd7 36. Kd2 Bf3 37. Ke3 Rb7 38. Ra6 Rb4 39. Rxa7+ Kf6 40. Re7
Ra4 41. Kf4 Rxa2 42. e5+ Kg6 43. Re6+ Kg7 44. Re8 Kg6 45. e6 Ra4+ 46. Kg3 Bd5
47. Rg8+ Kf6 48. e7 Bf7 49. e8=Q Bxe8 50. Rxe8 Kf5 51. Rf8+ Ke6 52. Rf4 Ra1 53.
Kxg4 Rg1+ 54. Kf3 Kd5 55. Rf5+ Kc4 56. Kf4 Re1 57. Kg5 Re2 58. Kf6 Kb5 59. Re5
Rg2 60. Re1 Rg4 61. Rb1+ Kc4 62. Ke6 Rg7 63. Be7 Rh7 64. Kd7 Kd5 65. Re1 Rf7
66. Kc7 Rh7 67. Kb6 Rh3 68. Rd1+ Ke6 69. Bd6 1-0

[Event "Bad Woerishofen"]
[Site "?"]
[Date "2002.??.??"]
[Round "7"]
[White "Herb, Stefan"]
[Black "Winter, Bernd"]
[Result "1/2-1/2"]
[WhiteElo "2153"]
[BlackElo "1884"]
[Annotator "ChessOrg"]
[PlyCount "169"]
[EventDate "2002.??.??"]

1. e4 c5 2. Nf3 Nc6 3. Bb5 Nf6 4. Nc3 e6 5. O-O Be7 6. e5 Nd5 7. Nxd5 exd5 8.
d4 a6 9. Be2 cxd4 10. Nxd4 Nxe5 11. Nf3 d6 12. Qxd5 Qc7 13. Bf4 Be6 14. Qe4 Qc6
15. Qxc6+ Nxc6 16. Rfd1 d5 17. c3 O-O 18. Ng5 h6 19. Nxe6 fxe6 20. Bg3 g5 21.
Bg4 Rf6 22. Re1 Kf7 23. Bh5+ Kg7 24. Rad1 Bc5 25. b4 Ba7 26. a4 Raf8 27. Re2 b5
28. axb5 axb5 29. Ra1 Kg8 30. Bf3 Bb8 31. Ra6 Bxg3 32. hxg3 Rc8 33. Rb6 Nd8 34.
Bxd5 Rxc3 35. Bf3 Rc4 36. Re4 Rc1+ 37. Kh2 Rc2 38. Rxb5 Rxf2 39. Kg1 Rb2 40.
Rb8 Rf8 41. Rc4 Nf7 42. Rcc8 Rxc8 43. Rxc8+ Kg7 44. Rb8 Ne5 45. Bh5 Rb1+ 46.
Kh2 Nd3 47. b5 e5 48. Rb7+ Kf6 49. Rb6+ Ke7 50. Bg6 Rb3 51. Bxd3 Rxd3 52. Rxh6
e4 53. g4 e3 54. Kg3 e2+ 55. Kf2 Re3 56. Ke1 Re4 57. b6 Kd7 58. b7 Kc7 59. Rb6
Kb8 60. Rb2 Rxg4 61. Rxe2 Kxb7 62. Kf2 Kc6 63. Kf3 Rf4+ 64. Kg3 Kd6 65. Re8 Ra4
66. Rg8 Ke6 67. Rxg5 Kf6 68. Rg4 Ra3+ 69. Kh4 Ra8 70. Rb4 Rh8+ 71. Kg4 Rg8+ 72.
Kf3 Ra8 73. Rb6+ Ke5 74. g3 Rf8+ 75. Kg4 Rg8+ 76. Kh4 Rh8+ 77. Kg5 Ke4 78. g4
Kf3 79. Rb3+ Ke4 80. Rb6 Kf3 81. Rf6+ Kg3 82. Kf5 Ra8 83. Rg6 Ra5+ 84. Ke4 Ra4+
85. Kf5 1/2-1/2

[Event "Bad Woerishofen"]
[Site "?"]
[Date "2002.??.??"]
[Round "7"]
[White "Kunz, Konstantin"]
[Black "Gorecki, Zbigniew"]
[Result "1-0"]
[WhiteElo "2201"]
[BlackElo "2051"]
[Annotator "ChessOrg"]
[PlyCount "117"]
[EventDate "2002.??.??"]

1. d4 Nf6 2. c4 e6 3. Nc3 Bb4 4. e3 O-O 5. Bd3 d5 6. Nf3 c5 7. a3 Bxc3+ 8. bxc3
dxc4 9. Bxc4 Qc7 10. Ba2 Nc6 11. O-O Qa5 12. Bb2 b6 13. Nd2 cxd4 14. cxd4 Rd8
15. Rc1 Bb7 16. Bb1 Rac8 17. Nf3 Qb5 18. Bc3 Ba6 19. Re1 Na5 20. Ne5 Qb3 21.
Bxa5 Qxd1 22. Rexd1 bxa5 23. Nc6 Rd7 24. Nxa5 Rdc7 25. Nb3 Rxc1 26. Rxc1 Rxc1+
27. Nxc1 Kf8 28. Bd3 Bb7 29. f3 Ke7 30. e4 Bc6 31. Kf2 Ne8 32. Ke3 Nd6 33. Nb3
h6 34. Na5 Ba4 35. Kd2 Kd7 36. Kc3 Bb5 37. Nc4 Nxc4 38. Bxc4 Bc6 39. Kb4 Bb7
40. Kc5 f6 41. d5 exd5 42. exd5 g5 43. g3 Bc8 44. Bd3 Bb7 45. Bf5+ Kc7 46. f4
gxf4 47. gxf4 Ba8 48. d6+ Kd8 49. Be6 Bf3 50. Kd4 Bd1 51. Ke4 Bc2+ 52. Kf3 Bd1+
53. Kg3 Bh5 54. Kh4 Bg6 55. Kg4 Ke8 56. f5 Bf7 57. d7+ Ke7 58. Bxf7 Kxd7 59.
Kh5 1-0

[Event "Bad Woerishofen"]
[Site "?"]
[Date "2002.??.??"]
[Round "7"]
[White "Babar, Michael"]
[Black "Neubauer, Ralf"]
[Result "1-0"]
[WhiteElo "2146"]
[BlackElo "2030"]
[Annotator "ChessOrg"]
[PlyCount "75"]
[EventDate "2002.??.??"]

1. d4 d5 2. e3 Nf6 3. Bd3 g6 4. Nd2 Bg7 5. c3 Nbd7 6. f4 Nb6 7. h3 Bf5 8. Qc2
Qd7 9. Ngf3 Bxd3 10. Qxd3 Qf5 11. Qe2 h5 12. g3 Ne4 13. Nxe4 Qxe4 14. a4 c6 15.
b3 Nd7 16. Ba3 f6 17. O-O Bh6 18. c4 dxc4 19. bxc4 O-O 20. Kh2 Rf7 21. Ra2 Nb6
22. a5 Nc8 23. Bc5 Qe6 24. e4 Nd6 25. Nd2 Nf5 26. d5 cxd5 27. cxd5 Qc8 28. exf5
Qxc5 29. fxg6 Rg7 30. Qe6+ Kh8 31. Ne4 Qc4 32. Rff2 Rxg6 33. Rac2 Qd4 34. Rfd2
Qe3 35. Rc3 Qe1 36. Rdc2 Rgg8 37. Nc5 Bxf4 38. Qxe1 1-0

[Event "Bad Woerishofen"]
[Site "?"]
[Date "2002.??.??"]
[Round "7"]
[White "Schnur, Gerhard"]
[Black "Eschle, Hubert"]
[Result "1-0"]
[WhiteElo "2145"]
[BlackElo "2025"]
[Annotator "ChessOrg"]
[PlyCount "45"]
[EventDate "2002.??.??"]

1. d4 Nf6 2. c4 g6 3. Nc3 Bg7 4. e4 d6 5. Be2 O-O 6. Bg5 h6 7. Be3 e5 8. d5 Ne8
9. Qd2 Kh7 10. g4 f5 11. gxf5 gxf5 12. exf5 Bxf5 13. Bd3 Qf6 14. Nge2 Bxd3 15.
Qxd3+ Qg6 16. Qd2 Nd7 17. O-O-O a6 18. Rhg1 Qh5 19. Ng3 Qf3 20. Nge4 Nef6 21.
Rxg7+ Kxg7 22. Bxh6+ Kh8 23. Bxf8 1-0

[Event "Bad Woerishofen"]
[Site "?"]
[Date "2002.??.??"]
[Round "7"]
[White "Stuemer, Paul"]
[Black "Schmitt, Karl"]
[Result "1-0"]
[WhiteElo "2143"]
[BlackElo "1920"]
[Annotator "ChessOrg"]
[PlyCount "61"]
[EventDate "2002.??.??"]

1. c4 e5 2. g3 Nc6 3. Bg2 g6 4. Nc3 Bg7 5. e4 Nge7 6. Nge2 d6 7. O-O O-O 8. d3
Be6 9. Nd5 Qd7 10. Bg5 f6 11. Be3 Bf7 12. f4 exf4 13. Nexf4 Nxd5 14. cxd5 Nd8
15. Bh3 Qe7 16. Bd4 c6 17. Qb3 c5 18. Bc3 g5 19. Ng2 Bh5 20. Ne3 Bg6 21. Rf2 h5
22. Be6+ Kh7 23. Raf1 b5 24. Nf5 Bxf5 25. Bxf5+ Kh6 26. Qxb5 Rf7 27. Qb3 a6 28.
Qd1 a5 29. h4 a4 30. hxg5+ fxg5 31. Qxh5+ 1-0

[Event "Bad Woerishofen"]
[Site "?"]
[Date "2002.??.??"]
[Round "7"]
[White "Dreesen, Jan"]
[Black "Huhn, Ulrich"]
[Result "1-0"]
[WhiteElo "2137"]
[BlackElo "2019"]
[Annotator "ChessOrg"]
[PlyCount "62"]
[EventDate "2002.??.??"]

1. d4 d5 2. Nf3 c6 3. Bg5 Nf6 4. Nbd2 Bf5 5. e3 h6 6. Bh4 e6 7. Bd3 Bxd3 8.
cxd3 Be7 9. O-O Nbd7 10. Ne5 Nxe5 11. dxe5 Nh7 12. Bxe7 Qxe7 13. f4 Qc7 14. d4
O-O 15. Qg4 Qe7 16. Nf3 f5 17. Qh3 Rac8 18. Kh1 c5 19. dxc5 Rxc5 20. Nd4 Rfc8
21. g4 fxg4 22. Qxg4 Re8 23. Rg1 Rc7 24. Rg3 Nf8 25. Rag1 g6 26. h4 Qg7 27. h5
Ree7 28. hxg6 a6 29. Qh4 Nd7 30. f5 exf5 31. Nxf5 Qxe5 1-0

[Event "Bad Woerishofen"]
[Site "?"]
[Date "2002.??.??"]
[Round "7"]
[White "Lamberger, Werner"]
[Black "Loskamp, Stefan"]
[Result "1-0"]
[WhiteElo "2034"]
[BlackElo "2132"]
[Annotator "ChessOrg"]
[PlyCount "75"]
[EventDate "2002.??.??"]

1. Nf3 g6 2. g3 Bg7 3. Bg2 b6 4. O-O Bb7 5. c4 e6 6. Nc3 Ne7 7. d4 O-O 8. Bf4
h6 9. d5 d6 10. dxe6 fxe6 11. Qb3 Nd7 12. Rad1 e5 13. Be3 Kh7 14. Ng5+ hxg5 15.
Bxb7 Rb8 16. Bg2 Nf5 17. Ne4 Nxe3 18. Qxe3 Bf6 19. b4 Qe7 20. Rd5 Rfd8 21. Rfd1
Kg7 22. Qa3 Nf8 23. R1d2 Ne6 24. e3 Kh6 25. g4 Bg7 26. R5d3 Bf8 27. Qxa7 b5 28.
cxb5 Rxb5 29. a3 Rbb8 30. h3 Ra8 31. Qb7 d5 32. Nc3 c6 33. Qxc6 Rxa3 34. Nxd5
Rxd3 35. Nxe7 Rxd2 36. Qxe6 R2d6 37. Nf5+ Kh7 38. Nxd6 1-0

[Event "Bad Woerishofen"]
[Site "?"]
[Date "2002.??.??"]
[Round "7"]
[White "Unger, Michael"]
[Black "Wallhof, Dieter"]
[Result "1-0"]
[WhiteElo "2213"]
[BlackElo "2061"]
[Annotator "ChessOrg"]
[PlyCount "153"]
[EventDate "2002.??.??"]

1. Nc3 b6 2. e4 Bb7 3. d4 e6 4. Bd3 d5 5. exd5 exd5 6. Qe2+ Be7 7. Bg5 Kf8 8.
Bxe7+ Qxe7 9. Nf3 Qxe2+ 10. Nxe2 Ba6 11. O-O-O Nf6 12. Ne5 Bb7 13. f3 Nc6 14.
Nxc6 Bxc6 15. g4 Re8 16. Ng3 g6 17. h4 Re3 18. g5 Ne8 19. Rdf1 Nd6 20. Kd2 Re8
21. f4 Ke7 22. Re1+ Kd8 23. h5 Rxe1 24. Rxe1 Bd7 25. b3 b5 26. Re5 c6 27. f5
gxf5 28. Nxf5 Bxf5 29. Bxf5 h6 30. g6 Nxf5 31. Rxf5 fxg6 32. hxg6 Ke7 33. Rf7+
Ke6 34. Rh7 Rg8 35. Rxh6 Rg7 36. Rh7 Rxg6 37. Rxa7 Rg3 38. a4 bxa4 39. bxa4 Ra3
40. Kc1 Kd6 41. Kb2 Rh3 42. Rb7 Rh8 43. Kb3 Rg8 44. Rh7 Rb8+ 45. Ka3 Rb1 46.
Rh3 Kc7 47. Rb3 Rg1 48. Kb4 Rg8 49. Kc5 Ra8 50. Ra3 Rb8 51. Rh3 Rb2 52. Rh7+
Kb8 53. c3 Rb3 54. Rh3 Kc7 55. Rg3 Ra3 56. Rg7+ Kb8 57. Kxc6 Rxc3+ 58. Kxd5 Ra3
59. Kc6 Rxa4 60. Rg8+ Ka7 61. d5 Rc4+ 62. Kd7 Kb7 63. Re8 Rd4 64. d6 Rh4 65.
Re2 Rh7+ 66. Re7 Rh8 67. Rf7 Rg8 68. Ke6+ Kc8 69. Ke7 Rd8 70. Rf3 Rd7+ 71. Ke6
Rd8 72. Rc3+ Kb8 73. Ke7 Rh8 74. d7 Rh7+ 75. Kd6 Rh6+ 76. Kc5 Rh5+ 77. Kb6 1-0

[Event "Bad Woerishofen"]
[Site "?"]
[Date "2002.??.??"]
[Round "8"]
[White "Hornung, Hans"]
[Black "Dittmar, Peter"]
[Result "1/2-1/2"]
[WhiteElo "2173"]
[BlackElo "2330"]
[Annotator "ChessOrg"]
[PlyCount "68"]
[EventDate "2002.??.??"]

1. Nf3 d5 2. c4 e6 3. g3 Nf6 4. Bg2 dxc4 5. Qa4+ Nbd7 6. O-O a6 7. Qxc4 b5 8.
Qc2 Bb7 9. b3 c5 10. Bb2 Be7 11. d3 O-O 12. Nbd2 Rc8 13. Rac1 Qb6 14. Qb1 Rfd8
15. Rfd1 Qa7 16. Qa1 Qa8 17. Ne1 Bxg2 18. Nxg2 Ne8 19. Nf3 Bf6 20. Nge1 Bxb2
21. Qxb2 Nef6 22. Ne5 Nxe5 23. Qxe5 Qd5 24. Qa1 e5 25. Qb1 Qe6 26. Kg2 Nd5 27.
a3 Qg4 28. e3 Rd6 29. Qb2 Rh6 30. Nf3 Qh3+ 31. Kg1 Qh5 32. Kg2 Qh3+ 33. Kg1 Qh5
34. Kg2 Qh3+ 1/2-1/2

[Event "Bad Woerishofen"]
[Site "?"]
[Date "2002.??.??"]
[Round "8"]
[White "Jaenig, Reinhard"]
[Black "Phildius, Bernhard"]
[Result "1-0"]
[WhiteElo "2119"]
[BlackElo "2330"]
[Annotator "ChessOrg"]
[PlyCount "87"]
[EventDate "2002.??.??"]

1. e4 d6 2. d4 g6 3. Nc3 c6 4. f4 Nf6 5. Nf3 d5 6. e5 Nh5 7. Be2 Ng7 8. Be3 h5
9. O-O Bg4 10. Ng5 Bxe2 11. Nxe2 e6 12. b3 Nf5 13. Bf2 Be7 14. Nf3 a5 15. c4 a4
16. cxd5 exd5 17. bxa4 Na6 18. Qb3 Rb8 19. Rab1 Kf8 20. e6 f6 21. Ng3 Nxg3 22.
Bxg3 f5 23. Ne5 Kg7 24. Nf7 Qg8 25. Nxh8 Qxh8 26. Be1 Kh6 27. Qe3 Bf6 28. Bf2
Nc7 29. e7 Re8 30. Rxb7 Rxe7 31. Qd2 Qa8 32. Rfb1 Qxa4 33. Re1 Rxe1+ 34. Qxe1
Nb5 35. h3 Bxd4 36. Bxd4 Qxd4+ 37. Qf2 Qa1+ 38. Kh2 Qf6 39. Qc5 Nc3 40. a4 d4
41. a5 Nd5 42. a6 Nxf4 43. Qe7 Qh8 44. h4 1-0

[Event "Bad Woerishofen"]
[Site "?"]
[Date "2002.??.??"]
[Round "8"]
[White "Woerl, Richard"]
[Black "Ballon, Guenter Jan"]
[Result "0-1"]
[WhiteElo "2078"]
[BlackElo "2207"]
[Annotator "ChessOrg"]
[PlyCount "46"]
[EventDate "2002.??.??"]

1. e4 e5 2. Nf3 d6 3. d4 exd4 4. Nxd4 Nf6 5. Nc3 Be7 6. Be2 O-O 7. O-O Re8 8.
f4 Bf8 9. Bf3 c6 10. Kh1 a5 11. g4 Na6 12. g5 Nd7 13. Qe1 d5 14. Qh4 dxe4 15.
Bxe4 g6 16. f5 Ne5 17. Be3 Nc4 18. fxg6 fxg6 19. Rf7 Bg7 20. Nf5 Bxf5 21. Rd1
Qxd1+ 22. Nxd1 Bxe4+ 23. Kg1 Kxf7 0-1

[Event "Bad Woerishofen"]
[Site "?"]
[Date "2002.??.??"]
[Round "8"]
[White "Marin, Mihail"]
[Black "Kveinys, Aloyzas"]
[Result "1/2-1/2"]
[WhiteElo "2551"]
[BlackElo "2555"]
[Annotator "ChessOrg"]
[PlyCount "43"]
[EventDate "2002.??.??"]

1. c4 Nf6 2. Nc3 e5 3. Nf3 Nc6 4. g3 Bc5 5. Bg2 d6 6. O-O a6 7. d3 Nd4 8. Ne1
h6 9. e3 Ne6 10. Nc2 O-O 11. d4 exd4 12. exd4 Ba7 13. Be3 Re8 14. Qd2 Ng4 15.
Rae1 Nxe3 16. fxe3 Ng5 17. Kh1 Be6 18. b3 Qc8 19. Nb4 d5 20. Nbxd5 c6 21. Nf4
Bg4 22. a3 1/2-1/2

[Event "Bad Woerishofen"]
[Site "?"]
[Date "2002.??.??"]
[Round "8"]
[White "Schaefer, Michael"]
[Black "Marian, Marc"]
[Result "1-0"]
[WhiteElo "2247"]
[BlackElo "2137"]
[Annotator "ChessOrg"]
[PlyCount "43"]
[EventDate "2002.??.??"]

1. d4 Nf6 2. c4 e6 3. Nc3 Bb4 4. g3 O-O 5. Bg2 d5 6. Nf3 c5 7. dxc5 dxc4 8. Qa4
Na6 9. Qb5 Nd5 10. Qxc4 Qc7 11. O-O Nxc3 12. bxc3 Bxc5 13. Qe4 f6 14. Nd4 f5
15. Qb1 Qe7 16. e4 Bb6 17. a4 Nc5 18. a5 Bc7 19. exf5 exf5 20. Ba3 Rb8 21. Re1
Qd6 22. Nb5 1-0

[Event "Bad Woerishofen"]
[Site "?"]
[Date "2002.??.??"]
[Round "8"]
[White "Georgiev, Kiril"]
[Black "Kengis, Edvins"]
[Result "1-0"]
[WhiteElo "2655"]
[BlackElo "2571"]
[Annotator "ChessOrg"]
[PlyCount "65"]
[EventDate "2002.??.??"]

1. d4 Nf6 2. c4 e6 3. g3 d5 4. Nf3 dxc4 5. Bg2 c5 6. O-O Nc6 7. Ne5 Bd7 8. Na3
cxd4 9. Naxc4 Nxe5 10. Nxe5 Qb6 11. a4 Rd8 12. a5 Qb5 13. Qxd4 Bc5 14. Qd3 O-O
15. Qxb5 Bxb5 16. Bxb7 Bxe2 17. Re1 Bb5 18. Be3 Bxe3 19. Rxe3 a6 20. Rb3 Nd5
21. Rxb5 axb5 22. a6 f6 23. Nc6 Rd7 24. Ra5 Nc7 25. a7 g5 26. Kg2 g4 27. Nb8
Rd6 28. Bc6 f5 29. Bxb5 f4 30. gxf4 Rxf4 31. Bc6 Rf8 32. Rc5 Rd2 33. Be4 1-0

[Event "Bad Woerishofen"]
[Site "?"]
[Date "2002.??.??"]
[Round "8"]
[White "Hermann, Manfred"]
[Black "Hahn, Guenter"]
[Result "1-0"]
[WhiteElo "2340"]
[BlackElo "2152"]
[Annotator "ChessOrg"]
[PlyCount "45"]
[EventDate "2002.??.??"]

1. e4 e6 2. d4 d5 3. Nc3 Nf6 4. Bg5 Bb4 5. Nge2 dxe4 6. a3 Be7 7. Bxf6 Bxf6 8.
Nxe4 Nd7 9. N2c3 Nb6 10. Nxf6+ Qxf6 11. Ne4 Qe7 12. f4 Bd7 13. Bd3 Bc6 14. O-O
O-O-O 15. c3 Nd5 16. Qe2 f5 17. Nc5 b6 18. Qxe6+ Qxe6 19. Nxe6 Rd6 20. Nxg7 Kb7
21. Nxf5 Rf6 22. Rae1 Rhf8 23. c4 1-0

[Event "Bad Woerishofen"]
[Site "?"]
[Date "2002.??.??"]
[Round "8"]
[White "Werner, Clemens"]
[Black "Unger, Michael"]
[Result "0-1"]
[WhiteElo "2393"]
[BlackElo "2213"]
[Annotator "ChessOrg"]
[PlyCount "119"]
[EventDate "2002.??.??"]

1. e4 Nc6 2. Nf3 Nf6 3. e5 Ng4 4. d4 d6 5. h3 Nh6 6. Bb5 a6 7. Ba4 b5 8. Bb3
dxe5 9. Bxh6 gxh6 10. d5 e4 11. Nfd2 Nd4 12. Nxe4 Nxb3 13. axb3 Bg7 14. Ra2 Rb8
15. O-O O-O 16. Ng3 Rb6 17. Nh5 Rg6 18. Kh1 e5 19. Nxg7 Kxg7 20. Qd3 Qg5 21.
Rg1 Kh8 22. Qe3 Rfg8 23. Qxg5 Rxg5 24. h4 Rg4 25. g3 Rd4 26. c4 bxc4 27. bxc4
Rxc4 28. Nc3 Rd4 29. Re1 f6 30. Ra5 Bb7 31. Rc5 Rg7 32. Kg2 Rd7 33. Ra1 h5 34.
Kf3 Kg7 35. Ke3 Kg6 36. Rc1 Bxd5 37. Nxd5 R4xd5 38. Rxd5 Rxd5 39. Rxc7 Rb5 40.
Rc2 Kf5 41. Kf3 a5 42. Re2 Rb3+ 43. Kg2 e4 44. Rc2 Rb5 45. Kf1 h6 46. Rd2 Ke5
47. Ke2 f5 48. Kf1 f4 49. gxf4+ Kxf4 50. Kg2 Kg4 51. Rd4 Rb4 52. Rd2 Kxh4 53.
Rd5 a4 54. Ra5 Kg4 55. Ra8 h4 56. Rg8+ Kf4 57. Rf8+ Ke5 58. Ra8 Kd4 59. Kh3 Kd3
60. f4 0-1

[Event "Bad Woerishofen"]
[Site "?"]
[Date "2002.??.??"]
[Round "8"]
[White "Rahls, Peter"]
[Black "Pavlovic, Milos"]
[Result "0-1"]
[WhiteElo "2254"]
[BlackElo "2497"]
[Annotator "ChessOrg"]
[PlyCount "102"]
[EventDate "2002.??.??"]

1. e4 c5 2. c3 Nf6 3. e5 Nd5 4. d4 cxd4 5. cxd4 d6 6. Nf3 e6 7. Bc4 Be7 8. O-O
O-O 9. Qe2 Nc6 10. Nc3 dxe5 11. dxe5 Nxc3 12. bxc3 Qa5 13. Bd3 Rd8 14. Bg5 h6
15. Bxe7 Nxe7 16. Rad1 Bd7 17. Qe4 Ng6 18. Qxb7 Nxe5 19. Nxe5 Qxe5 20. Bb1 Bb5
21. Rfe1 g6 22. h4 Qc5 23. Qf3 Kg7 24. Rd4 Rac8 25. Rf4 Be8 26. c4 Qb4 27. Qe3
Rxc4 28. Rxc4 Qxc4 29. h5 Qd4 30. Qe2 g5 31. Qc2 Kf8 32. Qh7 Qf6 33. Qe4 Qf4
34. Qxf4 gxf4 35. Bc2 Rd5 36. Re4 e5 37. Bb3 Rc5 38. Rb4 a5 39. Rb8 Ke7 40. Kh2
e4 41. Rb7+ Kf8 42. Kh3 a4 43. Bd1 Rc1 44. Be2 f5 45. Kh2 Rc2 46. Ba6 Rxf2 47.
Rb8 Ke7 48. Bc8 f3 49. Bxf5 Rxg2+ 50. Kh1 Bc6 51. a3 Rg5 0-1